| 000 | 01050nam a22002897a 4500 | ||
|---|---|---|---|
| 001 | 000607 | ||
| 003 | DO-SdBNP | ||
| 005 | 20180131145301.0 | ||
| 007 | 000607 | ||
| 008 | 161027b 1987 sp a ||||| |||| 00| 0 spa d | ||
| 020 | _a8427249233 | ||
| 040 |
_aBPMSU _bspa _cBPMSU |
||
| 041 | 1 | 7 |
_aspa _heng |
| 082 |
_axxxx _bxxxx |
||
| 100 | 1 | _aCarey, M. V. | |
| 240 | 1 | 0 |
_aAlfred Hitchcock and the three investigators in The mystery of the invisible dog. _lEspañol. |
| 245 | 1 | 0 |
_aMisterio del perro invisible / _ctexto de M.V. Carey ; traducción del inglés de M. Giménez ; ilustraciones de R. Escolano. |
| 260 |
_aBarcelona : _b Molino, _c1987. |
||
| 300 |
_a176 p. : _bil. ; _c21 cm. |
||
| 490 | 1 |
_aAlfred Hitchcock y los tres investigadores ; _v23 |
|
| 500 | _aTraducción de: The mistery of the invisible dog. | ||
| 700 | 1 | 2 |
_aGiménez Sales, Miguel, _d1922- _etr. |
| 830 | 0 |
_aAlfred Hitchcock y los tres investigadores ; _v23 |
|
| 942 |
_2ddc _cBK |
||
| 945 | _aInventariado, 2018/ YL | ||
| 956 |
_2LOPEREZ _310 _620161027 _8BPMSU _a00041 |
||
| 999 |
_c11702 _d11702 |
||